| 000 | 00564nam a22001937a 4500 | ||
|---|---|---|---|
| 999 |
_c3772 _d3772 |
||
| 003 | AR-CdUCM | ||
| 008 | 190307b ||||| |||| 00| 0 spa d | ||
| 040 |
_aMUNICIPALIDAD PROVINCIAL DEL CUSCO _cBIBLIOTECA MUNICIPAL DEL CUSCO |
||
| 082 |
_a869.56 / _bC12 |
||
| 100 |
_aCaballero Calderón, Eduardo _99395 |
||
| 245 | _aEl Cristo de Espaldas / | ||
| 260 |
_aLima : _bPopulibros Peruanos, |
||
| 300 |
_a151 páginas ; _c17 cm. |
||
| 650 |
_aLiteratura _983 |
||
| 650 |
_aNovela _95 |
||
| 650 |
_aEscritor Colombiano _912186 |
||
| 942 |
_2ddc _cLIBROS |
||
| 945 | _admma | ||